Which tiles? - Statistics

General Stats
  • This quiz has been taken 12 times
  • The average score is 21 of 36
Answer Stats
Question Tile Select % Correct
Countries Puerto Rico No
100%
Countries Taiwan (hehehe...) Yes
100%
Countries Guam No
91%
Countries Iraq Yes
91%
Countries England No
82%
Elements on the periodic table of elements/ types of known atoms. Gold Yes
82%
Elements on the periodic table of elements/ types of known atoms. H₂O No
82%
Countries Monaco Yes
82%
Countries New Zealand Yes
82%
Elements on the periodic table of elements/ types of known atoms. Silver Yes
82%
Countries Wales No
82%
CAPITAL GREEK LETTERS Σ Yes
73%
CAPITAL GREEK LETTERS Δ Yes
73%
CAPITAL GREEK LETTERS ξ No
73%
Elements on the periodic table of elements/ types of known atoms. Neon Yes
73%
CAPITAL GREEK LETTERS ω No
64%
CAPITAL GREEK LETTERS Φ Yes
64%
Elements on the periodic table of elements/ types of known atoms. Bronze No
64%
Elements on the periodic table of elements/ types of known atoms. Californium Yes
64%
Countries Costa Rica Yes
64%
CAPITAL GREEK LETTERS γ No
55%
True meanings of phobias Ablutophobia is the fear of blue objects. No
55%
True meanings of phobias Anatidaephobia is the fear that somewhere, somehow, a duck is watching you... Yes
55%
True meanings of phobias hippopotomonstrosesquippedaliophobia is the fear of long words Yes
55%
True meanings of phobias Hypnophobia is the fear of hypnosis. No
55%
Elements on the periodic table of elements/ types of known atoms. Tin Yes
55%
True meanings of phobias Globophobia is the fear of anything slimy. No
45%
CAPITAL GREEK LETTERS Λ Yes
36%
CAPITAL GREEK LETTERS Ξ Yes
36%
True meanings of phobias Arybutyrophobia is the fear of peanut butter sticking to the roof of your mouth. No
36%
True meanings of phobias Pogonophobia is the fear of facial hair Yes
27%
CAPITAL GREEK LETTERS θ No
18%
Elements on the periodic table of elements/ types of known atoms. Meitnerium Yes
18%
True meanings of phobias Eisoptrophobia is the fear of mirrors. Yes
9%
Elements on the periodic table of elements/ types of known atoms. Aluminum No
0%
True meanings of phobias Homophobia is the fear of not having your phone. Yes
0%
No matching quizzes found
Score Distribution
Percent of People with Each Score
Percentile by Number Answered
Your Score History
You have not taken this quiz